000 00782nam a22002057a 4500
005 20240521123119.0
010 _aENG-140407
020 _c1195.00
_a9789392038310
035 _aEN-123939
037 _bDBAD/PUB
082 _a338.9
_21
100 _aBora Ashok Kumar
_966615
245 _aResource Management and Livelihood issues/
_cEditors BY Ashok Kumar Bora (and) Dibyjyoti Saikia_
_bRegional and National Perspectives/
250 _a1
260 _aEBH Publisher (India)
_ban imprint of Easterm, Book House
_c2023
270 _a136, M.L. Nehru Road Panbazar Guwahati
_bAssam (India)
_e781001
_measternbookhouse@gmail.com
300 _axxii, 310p.;
_c24cm,(hb)
700 _aBora, Ashok Kumar (and) Dibyjyoti Saikia
_966429
942 _2ddc
_cEN
_h338.9
_mRES
999 _c203084
_d203084